000 00412nam a2200133Ia 4500
008 100328s9999 xx 000 0 und d
082 _b61006
100 _aअष्टीकर मंदाकिनी.
245 _aउतरणीचा आधार
260 _bनिशिगंाा.
630 _aउतरणीचा आधार
730 _aउतरणीचा आधार
942 _cBOOK
999 _c547116
_d547113